Islamyat Lazmi/ (Record no. 34613)

MARC details
000 -LEADER
fixed length control field 00402nam a2200145Ia 4500
005 - DATE AND TIME OF LATEST TRANSACTION
control field 20240604095636.0
008 - FIXED-LENGTH DATA ELEMENTS--GENERAL INFORMATION
fixed length control field 231019s9999 xx 000 0 und d
082 ## - DEWEY DECIMAL CLASSIFICATION NUMBER
Classification number 297.05
Item number KHA-I
100 ## - MAIN ENTRY--AUTHOR
Author Name Muhammad Khalil
245 #0 - TITLE STATEMENT
Title Islamyat Lazmi/
Statement of responsibility, etc. Prof. Dr. Muhammad Khalil
260 ## - PUBLICATION, DISTRIBUTION, ETC.
Place of Publication Lahore, Pakistan;
Name of publisher, distributor, etc. Ilmi Kitab Khana;
Date of publication, distribution, etc. 2010.
300 ## - PHYSICAL DESCRIPTION
Pages 244 p.:
650 ## - SUBJECT ADDED ENTRY--TOPICAL TERM
Subject / Department Religion/Islam
300 ## - PHYSICAL DESCRIPTION
-- 23.2 cm.
952 ## - LOCATION AND ITEM INFORMATION (KOHA)
-- 0
-- 0
Holdings
Lost status Damaged status Collection code Permanent Location Current Location Shelving Location Date acquired Full Call Number Accession No./Barcode Date last seen item type Koha item type
    Literature/Urdu/eng/Islamic Superior Information Resource Center (SIRC) Superior University - City Campus Superior Information Resource Center (SIRC) Superior University - City Campus Islamic Studies 10/19/2023 297.05 KHA-I 2010 28162 10/19/2023 BOOK BOOK

Powered by Koha